Statistics for Countries along the Silk Road

Click here to take the quiz!

General Stats

  • This quiz has been taken 290 times
  • The average score is 18 of 21

Answer Stats

Hint Answer % Correct
4China
99%
7Iran
96%
19Turkey
95%
6India
95%
8Iraq
95%
15Pakistan
94%
1Afghanistan
92%
20Turkmenistan
92%
21Uzbekistan
92%
17Syria
88%
2Armenia
87%
13Mongolia
86%
16Russia
86%
18Tajikistan
85%
10Kazakhstan
83%
5Georgia
83%
14Nepal
82%
3Azerbaijan
82%
9Jordan
78%
12Lebanon
77%
11Kyrgyzstan
72%

Score Distribution

Percentile by Number Answered

Percent of People with Each Score

Your Score History

You have not taken this quiz